000 00950nam a2200253Ia 4500
003 OSt
005 20220923221525.0
006 a|||||r|||| 00| 0
007 ta
008 220922b |||||||| |||| 00| 0 hin d
024 _a197,907
037 _cTextual
040 _aARTS
_cARTS
_bhin
041 _2hin
_ahin
082 _aO1524vN5, 152J7
100 _aउपाघ्याय, कृष्णदेव; क्षेमचन्द सुमन
_9165419
245 0 _aभोेजपुरी और उसका साहित्य
246 _aBhoejapurī aur usakā sāhitya
260 _aदिल्ली
_b राजकमल प्रकाशन
_c1957
300 _a149पृ.
_ccm.
650 _aभोजपुरी साहित्य
942 _hO1524vN5, 152J7
_cTEXL
_2CC
999 _c349778
_d349778